[Event "World Junior Championships (Girls)"]
[Site "Chennai IND"]
[Date "2011.08.15"]
[EventDate "2011.08.02"]
[Round "13"]
[Result "1/2-1/2"]
[White "Chandika Divyasree"]
[Black "Inna Agrest"]
[WhiteElo "2123"]
[BlackElo "2220"]
[PlyCount "92"]

1. e4 e5 2. Nf3 Nc6 3. Bb5 a6 4. Ba4 Nf6 5. O-O b5 6. Bb3 Bc5
7. d3 d6 8. Be3 O-O 9. Nbd2 Bg4 10. c3 Rb8 11. h3 Bh5 12. Bc2
Bb6 13. Bxb6 Rxb6 14. Re1 Bg6 15. Nf1 d5 16. Ng3 d4 17. Nf5
Nh5 18. Qd2 Qf6 19. cxd4 Bxf5 20. exf5 Qxf5 21. dxe5 Nf4
22. d4 Nxh3+ 23. Kh2 Qh5 24. gxh3 Qxf3 25. Be4 Qh5 26. Rac1
Ne7 27. Rg1 Rh6 28. Rg3 f5 29. Bf3 Qh4 30. Qg5 Qxg5 31. Rxg5
c6 32. Rcg1 Rg6 33. Rxg6 hxg6 34. Rc1 Rd8 35. Bxc6 Rxd4
36. Bb7 Rd2 37. Kg2 g5 38. Bxa6 Rxb2 39. Rc5 Rxa2 40. Bxb5 Ra3
41. Bc4+ Kh7 42. Be6 Ra6 43. Bd7 Ra7 44. Be6 Ra6 45. Bd7 Ra7
46. Be6 Ra6 1/2-1/2

[Event "Tradewise Gibraltar"]
[Site "Catalan Bay GIB"]
[Date "2012.01.25"]
[EventDate "2012.01.24"]
[Round "2.47"]
[Result "0-1"]
[White "Inna Agrest"]
[Black "Roberto Junio Brito Molina"]
[WhiteElo "2189"]
[BlackElo "2415"]
[PlyCount "122"]

1. e4 c6 2. d4 d5 3. Nc3 dxe4 4. Nxe4 Nd7 5. Bd3 Ngf6 6. Nd2
e6 7. Qe2 Bd6 8. Ngf3 h6 9. Ne4 Nxe4 10. Qxe4 Qc7 11. O-O b6
12. Re1 Bb7 13. Qe2 c5 14. c3 cxd4 15. cxd4 O-O 16. h3 Rac8
17. Bd2 Nf6 18. Rac1 Qe7 19. Ne5 Rxc1 20. Rxc1 Rc8 21. Rxc8+
Bxc8 22. b4 Bb7 23. b5 Qc7 24. a4 Nd7 25. f4 Nxe5 26. fxe5 Be7
27. Qg4 Kf8 28. Be4 Qd7 29. Be3 Bd5 30. Bd3 Qc7 31. Bd2 Qd7
32. Kh2 Qc7 33. Kg1 Qd8 34. Kh2 Bb7 35. Bc4 Qc7 36. Bd3 Qd7
37. Bc4 Ba8 38. Kh1 Bd5 39. Bd3 Qc7 40. Kg1 Ba8 41. Be4 Qd8
42. Be3 Bd5 43. Bd3 f5 44. exf6 Bxf6 45. Bg6 Ke7 46. Qf4 Qd6
47. Qf2 Qb4 48. Qc2 Kd7 49. Qd1 Qb3 50. Qxb3 Bxb3 51. Bd3 Kd6
52. Be4 Bxa4 53. Bc6 a6 54. d5 Bxb5 55. Bxb5 axb5 56. Kf1 Kxd5
57. Bxb6 Kc4 58. Ke2 Bg5 59. g3 b4 60. h4 b3 61. Kd1 Kd3 0-1

[Event "Tradewise Gibraltar"]
[Site "Catalan Bay GIB"]
[Date "2012.01.26"]
[EventDate "2012.01.24"]
[Round "3.88"]
[Result "0-1"]
[White "Eero Patola"]
[Black "Inna Agrest"]
[WhiteElo "1939"]
[BlackElo "2189"]
[PlyCount "98"]

1. e4 e5 2. c4 Nf6 3. Nc3 Bc5 4. g3 Nc6 5. Bg2 d6 6. h3 Be6
7. d3 h6 8. Nge2 a6 9. O-O g5 10. Nd5 Rg8 11. Be3 h5 12. d4
exd4 13. Bxd4 Bxd4 14. Nxd4 Ne5 15. f4 gxf4 16. Nxe6 fxe6
17. Nxf6+ Qxf6 18. Qxh5+ Ng6 19. e5 Qxe5 20. Qxe5 Nxe5
21. Rxf4 Rxg3 22. Kh2 Rg7 23. Rg1 Ke7 24. Bxb7 Rxg1 25. Bxa8
Rb1 26. Rf2 Nxc4 27. b3 Ne5 28. Kg3 d5 29. Bb7 a5 30. Ba6 c5
31. h4 Rg1+ 32. Kh3 Rh1+ 33. Kg3 Ng6 34. Bd3 Nxh4 35. Rf4 Nf5+
36. Bxf5 exf5 37. Rxf5 Ke6 38. Rf4 d4 39. Rf2 Rc1 40. Rb2 Kd5
41. Kf3 Rc3+ 42. Kf4 Re3 43. Rc2 Re8 44. Kf3 Rf8+ 45. Ke2 Rh8
46. Kf3 Rh3+ 47. Kf4 d3 48. Rc1 d2 49. Rd1 Rd3 0-1

[Event "Tradewise Gibraltar"]
[Site "Catalan Bay GIB"]
[Date "2012.01.28"]
[EventDate "2012.01.24"]
[Round "5.48"]
[Result "1-0"]
[White "Marc Tyler Arnold"]
[Black "Inna Agrest"]
[WhiteElo "2482"]
[BlackElo "2189"]
[PlyCount "85"]

1. d4 Nf6 2. c4 g6 3. Nc3 Bg7 4. e4 d6 5. Nf3 O-O 6. h3 Nbd7
7. Be3 e5 8. d5 Nh5 9. Nd2 c5 10. g3 Bf6 11. h4 Be7 12. Bh6
Ng7 13. Bd3 f5 14. exf5 gxf5 15. Bxg7 Kxg7 16. Bxf5 Qe8
17. Be6 Bd8 18. Nde4 Qe7 19. Qc2 Ba5 20. O-O-O Bxc3 21. Nxc3
Nf6 22. Bxc8 Raxc8 23. Rde1 Qd7 24. f3 a6 25. h5 b5 26. g4 Ng8
27. Ne4 Rf4 28. b3 bxc4 29. bxc4 Rb8 30. Re3 Rb4 31. Rc3 Qd8
32. Rd1 Nh6 33. Rg1 Kf8 34. Rb3 a5 35. a3 Rxb3 36. Qxb3 a4
37. Qe3 Kg7 38. Kc2 Qf8 39. Ng5 Kh8 40. Qd3 e4 41. Qc3+ Kg8
42. Ne6 Qf7 43. Rb1 1-0

[Event "Tradewise Gibraltar"]
[Site "Catalan Bay GIB"]
[Date "2012.01.29"]
[EventDate "2012.01.24"]
[Round "6.86"]
[Result "1-0"]
[White "Inna Agrest"]
[Black "Juergen Kleinert"]
[WhiteElo "2189"]
[BlackElo "2004"]
[PlyCount "47"]

1. e4 a6 2. d4 b5 3. Nf3 e6 4. Bd3 Bb7 5. O-O Nf6 6. Re1 c5
7. c3 Be7 8. Nbd2 Nc6 9. Nf1 Rc8 10. Bb1 Na5 11. Ng3 cxd4
12. cxd4 Nc4 13. d5 exd5 14. exd5 Nd6 15. Bf4 O-O 16. Qd3 g6
17. Bg5 Rc5 18. Qe3 Rxd5 19. Qxe7 Qxe7 20. Rxe7 Rd1+ 21. Re1
Bxf3 22. Rxd1 Bxd1 23. Bxf6 Re8 24. f3 1-0

[Event "Tradewise Gibraltar"]
[Site "Catalan Bay GIB"]
[Date "2012.01.31"]
[EventDate "2012.01.24"]
[Round "8.83"]
[Result "1-0"]
[White "Inna Agrest"]
[Black "Viktor Thorell"]
[WhiteElo "2189"]
[BlackElo "2046"]
[PlyCount "65"]

1. e4 Nf6 2. e5 Nd5 3. d4 d6 4. c4 Nb6 5. exd6 exd6 6. Nc3 Be7
7. Be3 c6 8. b3 O-O 9. Nf3 Bg4 10. h3 Bh5 11. Be2 d5 12. c5
N6d7 13. O-O f5 14. Bf4 g5 15. Bxb8 Qxb8 16. Nh2 Bg6 17. Re1
Bf6 18. Rc1 Qf4 19. Nf3 g4 20. g3 Qh6 21. hxg4 f4 22. Kg2 Be4
23. Nxe4 dxe4 24. Bc4+ Kh8 25. Rxe4 fxg3 26. fxg3 Bg5 27. Rc2
Nf6 28. Re6 Nxg4 29. Rxh6 Ne3+ 30. Kh3 Bxh6 31. Qe2 Nxc2
32. Ne5 Nxd4 33. Qh5 1-0

[Event "Tradewise Gibraltar"]
[Site "Catalan Bay GIB"]
[Date "2012.02.01"]
[EventDate "2012.01.24"]
[Round "9.61"]
[Result "0-1"]
[White "Inna Agrest"]
[Black "Simon T Ansell"]
[WhiteElo "2189"]
[BlackElo "2373"]
[PlyCount "116"]

1. e4 c5 2. Nf3 Nc6 3. d4 cxd4 4. Nxd4 e5 5. Nb5 d6 6. N1c3 a6
7. Na3 Be7 8. Nd5 Nf6 9. Nxf6+ Bxf6 10. Nc4 Be7 11. Be3 Be6
12. Nb6 Rb8 13. Qd2 O-O 14. a4 Nd4 15. a5 f5 16. exf5 Nxf5
17. O-O-O Nxe3 18. fxe3 Kh8 19. Bc4 Bg4 20. Rdf1 Qc7 21. Bd5
Bg5 22. b4 Qe7 23. h3 Bh5 24. Qe1 e4 25. g4 Bh4 26. Qd2 Bg6
27. Bc4 Rf3 28. Nd5 Qe5 29. c3 Rbf8 30. Be2 h6 31. Kb2 Bh7
32. Nb6 Qe7 33. Nd5 Qe8 34. Qd1 Rf2 35. Rxf2 Rxf2 36. Rf1 Rh2
37. Rh1 Rxh1 38. Qxh1 Bg8 39. Qd1 Qf7 40. Bc4 Qf2+ 41. Kb3 Bg5
42. Qd4 Qf3 43. Ka3 Qh1 44. Kb2 Qxh3 45. Qxe4 Qh2+ 46. Kb3 Qe5
47. Qf3 Qe8 48. Qg3 Qg6 49. Qf3 Qb1+ 50. Ka3 Bf6 51. e4 Bg5
52. Qe2 Bc1+ 53. Ka4 Be6 54. Bd3 Bd7+ 55. b5 Qa1+ 56. Kb3 Qa3+
57. Kc2 Qb2+ 58. Kd1 Bxg4 0-1

[Event "Chess Olympiad (Women)"]
[Site "Istanbul TUR"]
[Date "2012.08.29"]
[EventDate "2012.08.28"]
[Round "2.01"]
[Result "0-1"]
[White "Inna Agrest"]
[Black "Zhao Xue"]
[WhiteElo "2214"]
[BlackElo "2549"]
[PlyCount "100"]

1. e4 e5 2. Nf3 Nc6 3. Bc4 Bc5 4. c3 Nf6 5. d4 exd4 6. cxd4
Bb4+ 7. Bd2 Bxd2+ 8. Nbxd2 d5 9. exd5 Nxd5 10. Qb3 Nce7
11. O-O O-O 12. Rfe1 Rb8 13. Ne4 c6 14. Rac1 Bf5 15. Ng3 Bg4
16. Ne5 Be6 17. Qf3 Nc7 18. Bd3 Ng6 19. Qh5 Bxa2 20. Nf5 Nd5
21. g3 Nb4 22. Be4 Be6 23. Rcd1 Nd5 24. Bb1 Re8 25. Nf3 Nf6
26. Qh3 Qd5 27. Ng5 Bd7 28. Re3 Rxe3 29. fxe3 Bxf5 30. Bxf5 h6
31. Nxf7 Kxf7 32. e4 Qb3 33. Rf1 Qe3+ 34. Rf2 Qxd4 35. Bxg6+
Kxg6 36. Qf5+ Kf7 37. e5 Re8 38. exf6 g6 39. Qc2 Re1+ 40. Kg2
Qd5+ 41. Kh3 Qe6+ 42. Kg2 Qe4+ 43. Qxe4 Rxe4 44. b3 Re3 45. b4
Re4 46. Rb2 a6 47. Kf3 Re5 48. Rd2 Rd5 49. Re2 Kxf6 50. Re8
Rd4 0-1

[Event "Chess Olympiad (Women)"]
[Site "Istanbul TUR"]
[Date "2012.08.30"]
[EventDate "2012.08.28"]
[Round "3.40"]
[Result "0-1"]
[White "Raisa Melissa Barria Baker"]
[Black "Inna Agrest"]
[WhiteElo "1946"]
[BlackElo "2214"]
[PlyCount "84"]

1. d4 Nf6 2. c4 g6 3. Nc3 Bg7 4. e4 d6 5. Nf3 O-O 6. Be2 Nbd7
7. O-O e5 8. d5 Nc5 9. Qc2 a5 10. Bg5 h6 11. Be3 b6 12. Nd2
Nh7 13. b3 f5 14. f3 f4 15. Bf2 g5 16. a3 h5 17. b4 Nd7
18. Nb3 g4 19. fxg4 hxg4 20. Bxg4 Qg5 21. Be6+ Kh8 22. c5 Ndf6
23. Bxc8 Raxc8 24. cxd6 cxd6 25. Qd3 Bh6 26. Nb5 Rg8 27. g3
Qh5 28. Ra2 Ng5 29. Nxd6 Rcd8 30. Bxb6 Rxd6 31. Bc7 Rd7
32. Bxe5 Nh3+ 33. Kg2 Qxe5 34. Kxh3 Qh5+ 35. Kg2 Ng4 36. Kg1
fxg3 37. Qc3+ Rdg7 38. Rg2 Be3+ 39. Kh1 Nf2+ 40. Rfxf2 Bxf2
41. Qc1 gxh2 42. Qa1 Kh7 0-1

[Event "Chess Olympiad (Women)"]
[Site "Istanbul TUR"]
[Date "2012.08.31"]
[EventDate "2012.08.28"]
[Round "4.21"]
[Result "1-0"]
[White "Batkhuyag Munguntuul"]
[Black "Inna Agrest"]
[WhiteElo "2434"]
[BlackElo "2214"]
[PlyCount "191"]

1. d4 Nf6 2. Nf3 g6 3. g3 Bg7 4. Bg2 O-O 5. O-O d6 6. Nc3 Nfd7
7. e4 c5 8. d5 Na6 9. h3 Nc7 10. a4 a6 11. Nd2 b6 12. Nc4 b5
13. axb5 axb5 14. Rxa8 Nxa8 15. Nxb5 Ba6 16. Nca3 Nab6 17. Re1
Qb8 18. Bf1 Qb7 19. c4 Ra8 20. Qb3 Rb8 21. Qe3 Ra8 22. b3 Bxb5
23. Nxb5 Ra2 24. h4 Ne5 25. Be2 Qc8 26. Kg2 h5 27. Nc3 Rc2
28. Bd2 Qa6 29. Rb1 Qa5 30. Be1 Ng4 31. Bxg4 hxg4 32. Na4 Qa6
33. Nxb6 Qxb6 34. Qd3 Ra2 35. Bc3 Bh6 36. Qd1 Qa6 37. Qxg4 Rc2
38. Ra1 Qb7 39. Qf3 Rxc3 40. Qxc3 Bg7 41. Qa5 Bxa1 42. Qxa1
Qxb3 43. Qa8+ Kg7 44. Qe8 Qxc4 45. Qxe7 Qd4 46. Qxd6 Qxe4+
47. Kh2 Qd4 48. Kg1 c4 49. Qc6 c3 50. d6 Qd1+ 51. Kg2 c2
52. d7 c1=Q 53. Qxc1 Qxc1 54. d8=Q Qc6+ 55. Kg1 Qc1+ 56. Kg2
Qc6+ 57. Kh2 Qc5 58. Qd2 Qe5 59. Qe3 Qb2 60. g4 Qb8+ 61. Qg3
Qb2 62. Qf4 Qe2 63. Kg2 Qb2 64. h5 Qb7+ 65. Qf3 Qb5 66. h6+
Kxh6 67. Qxf7 Qe5 68. Kh3 Qc3+ 69. f3 Qe5 70. Qg8 Qa1 71. Qf8+
Kh7 72. Qe7+ Kh6 73. Kg2 Qc3 74. Kg3 Qa1 75. Qe3+ Kg7 76. f4
Qb1 77. Qe7+ Kg8 78. Kh4 Qc2 79. Kg5 Qb1 80. Qe6+ Kg7 81. Qf6+
Kh7 82. Qf7+ Kh8 83. Qxg6 Qb5+ 84. Qf5 Qa4 85. Qe5+ Kg8 86. f5
Qd1 87. Qe8+ Kh7 88. Qh5+ Kg8 89. Kh6 Kf8 90. Kg6 Qa1 91. Qh6+
Ke8 92. Qe3+ Kf8 93. Qc5+ Ke8 94. f6 Qb1+ 95. Kg7 Qb7+
96. Qe7+ 1-0

[Event "Chess Olympiad (Women)"]
[Site "Istanbul TUR"]
[Date "2012.09.01"]
[EventDate "2012.08.28"]
[Round "5.37"]
[Result "1/2-1/2"]
[White "Inna Agrest"]
[Black "Gabriela Vargas"]
[WhiteElo "2214"]
[BlackElo "2050"]
[PlyCount "264"]

1. e4 e6 2. d4 d5 3. Nc3 Nf6 4. Bg5 dxe4 5. Nxe4 Nbd7 6. Nf3
h6 7. Nxf6+ Nxf6 8. Be3 Nd5 9. Bd2 c5 10. Ne5 a6 11. c3 cxd4
12. Qa4+ Bd7 13. Qxd4 Qb6 14. Qxb6 Nxb6 15. Be2 Bd6 16. Nxd7
Nxd7 17. Rd1 Ke7 18. O-O Rhd8 19. Kh1 Ne5 20. f4 Nc6 21. Be3
Bc7 22. Rde1 Kf8 23. f5 exf5 24. Rxf5 f6 25. Bc4 Ne5 26. Bb3
Rd3 27. Bc5+ Ke8 28. Rf4 Bd6 29. Bb6 Kf8 30. Rff1 Rc8 31. Bd4
Re8 32. Rf2 Nc6 33. Rxe8+ Kxe8 34. Bc2 Rxd4 35. cxd4 Nxd4
36. Be4 b6 37. Rd2 Be5 38. b4 Kd8 39. Rd3 a5 40. bxa5 bxa5
41. Rc3 Bd6 42. Rc4 Nb5 43. Bf5 Bc7 44. Bd3 Nd6 45. Rc6 Kd7
46. Rc3 Nf7 47. Bf5+ Kd8 48. Be6 Ne5 49. Rg3 g6 50. Rc3 Bd6
51. Rc8+ Ke7 52. Bb3 h5 53. g3 f5 54. Ra8 Bb4 55. Rc8 Kd7
56. Rg8 Bd2 57. Ba4+ Ke7 58. Re8+ Kf6 59. Bb3 f4 60. gxf4 Bxf4
61. Kg2 g5 62. Ra8 Bd2 63. Rh8 h4 64. Rh6+ Kf5 65. Bc2+ Kf4
66. Rf6+ Ke3 67. Rf5 Kd4 68. Rf2 Be3 69. Rf8 g4 70. Bf5 h3+
71. Kg3 Bg1 72. Bxg4 Bxh2+ 73. Kxh2 Nxg4+ 74. Kxh3 Ne5 75. Rb8
Nc6 76. Rb5 Kc4 77. a4 Nd4 78. Rxa5 Kb4 79. Ra8 Nb3 80. Kg4
Na5 81. Kf4 Kxa4 82. Ke4 Kb5 83. Kd5 Nb7 84. Ra1 Na5 85. Rb1+
Ka4 86. Rb8 Ka3 87. Rb6 Ka4 88. Kc5 Nb3+ 89. Kc4 Na5+ 90. Kc3
Ka3 91. Rb4 Nc6 92. Rb5 Ka4 93. Rb6 Na5 94. Rb8 Ka3 95. Rb1
Ka4 96. Rb2 Ka3 97. Rb4 Nc6 98. Rb1 Ka4 99. Kc4 Na5+ 100. Kd4
Nb3+ 101. Kc3 Na5 102. Rb4+ Ka3 103. Rh4 Nc6 104. Kc4 Na5+
105. Kb5 Nb3 106. Rh3 Kb2 107. Kb4 Nd2 108. Rh2 Kc2 109. Rh3
Kb2 110. Rc3 Nb1 111. Rb3+ Kc2 112. Rh3 Nd2 113. Rc3+ Kd1
114. Rd3 Ke2 115. Rd8 Ne4 116. Kb3 Ke3 117. Kc2 Kf4 118. Kd3
Nc5+ 119. Kc4 Ne6 120. Rd5 Ke4 121. Rd1 Ke5 122. Rd2 Nf4
123. Rd1 Ne6 124. Re1+ Kf5 125. Kd5 Nf4+ 126. Kd6 Nd3 127. Ra1
Nf4 128. Ra5+ Ke4 129. Re5+ Kd4 130. Re8 Nd3 131. Ra8 Nf4
132. Ra4+ Ke3 1/2-1/2

[Event "Chess Olympiad (Women)"]
[Site "Istanbul TUR"]
[Date "2012.09.03"]
[EventDate "2012.08.28"]
[Round "6.28"]
[Result "1/2-1/2"]
[White "Bojana Bejatovic"]
[Black "Inna Agrest"]
[WhiteElo "1978"]
[BlackElo "2214"]
[PlyCount "113"]

1. d4 Nf6 2. Nf3 g6 3. g3 Bg7 4. Bg2 O-O 5. O-O d6 6. c4 Nbd7
7. Nc3 e5 8. e4 a6 9. Re1 exd4 10. Nxd4 Ng4 11. h3 Nge5 12. b3
Nc5 13. Be3 Re8 14. Qc2 c6 15. Rad1 Qa5 16. f4 Ned7 17. Bf2
Nf8 18. f5 Ncd7 19. g4 Ne5 20. g5 f6 21. h4 Ng4 22. Bg3 Qc5
23. Na4 Qa7 24. Bxd6 b5 25. Nc5 Ne5 26. Kh1 h6 27. Qc1 hxg5
28. hxg5 Bh8 29. Qf4 fxg5 30. Qxg5 Nf7 31. Qg3 Nxd6 32. Qxd6
Qh7+ 33. Kg1 Be5 34. Qxc6 Qh2+ 35. Kf1 Bxf5 36. exf5 Rad8
37. Bd5+ Kh8 38. Re2 Qf4+ 39. Nf3 Qxf5 40. Kf2 Bg3+ 41. Kf1
Rxe2 42. Kxe2 Rc8 43. Rh1+ Kg7 44. Qb7+ Rc7 45. Qb6 Re7+
46. Ne4 Ne6 47. Bxe6 Qxe4+ 48. Qe3 Qxe3+ 49. Kxe3 Rxe6+
50. Kd4 bxc4 51. bxc4 Kf6 52. Rc1 Bf4 53. Rc2 g5 54. c5 g4
55. Nh4 g3 56. c6 Bc7 57. Ng2 1/2-1/2

[Event "Chess Olympiad (Women)"]
[Site "Istanbul TUR"]
[Date "2012.09.04"]
[EventDate "2012.08.28"]
[Round "7.18"]
[Result "1/2-1/2"]
[White "Inna Agrest"]
[Black "Cristina-Adela Foisor"]
[WhiteElo "2214"]
[BlackElo "2402"]
[PlyCount "129"]

1. e4 e5 2. Nf3 Nc6 3. Bb5 a6 4. Ba4 Nf6 5. O-O Be7 6. Re1 b5
7. Bb3 d6 8. c3 O-O 9. h3 Na5 10. Bc2 c5 11. d4 Qc7 12. Nbd2
Nc6 13. d5 Nd8 14. a4 Rb8 15. axb5 axb5 16. Nf1 Ne8 17. g4 g6
18. Bh6 Ng7 19. Ng3 f6 20. Qd2 Nf7 21. Be3 Bd7 22. b4 Ra8
23. Red1 c4 24. Kg2 Rfb8 25. Ng1 Bd8 26. f4 exf4 27. Bxf4 Ne5
28. Be3 Qb7 29. N1e2 Rxa1 30. Rxa1 Ra8 31. Rxa8 Qxa8 32. Nd4
Qa2 33. Bd1 Qxd2+ 34. Bxd2 Kf7 35. Be2 Ne8 36. Nf1 Nc7 37. Kg3
Be7 38. h4 f5 39. gxf5 gxf5 40. Bh5+ Kg7 41. Ne3 fxe4
42. Nef5+ Bxf5 43. Nxf5+ Kf6 44. Nd4 Nf7 45. Kf4 Nxd5+
46. Kxe4 Nc7 47. Kf3 Bf8 48. Be1 Ne5+ 49. Ke2 Bh6 50. Bg3 Bc1
51. Bh2 Ke7 52. Kd1 Bb2 53. Kc2 Ba1 54. Bf4 Kd7 55. Bd2 Nd5
56. Nxb5 Nf6 57. Be2 Ne4 58. Be1 Kc6 59. Nd4+ Kb6 60. h5 d5
61. h6 Ka6 62. Ne6 Kb6 63. Nd4 Ka6 64. Ne6 Kb6 65. Nd4 1/2-1/2

[Event "Chess Olympiad (Women)"]
[Site "Istanbul TUR"]
[Date "2012.09.05"]
[EventDate "2012.08.28"]
[Round "8.19"]
[Result "1-0"]
[White "Nastassia Ziaziulkina"]
[Black "Inna Agrest"]
[WhiteElo "2342"]
[BlackElo "2214"]
[PlyCount "87"]

1. e4 e5 2. Nf3 Nc6 3. Bb5 f5 4. d3 fxe4 5. dxe4 Nf6 6. O-O
Bc5 7. Qe2 d6 8. Qc4 Bd7 9. Nc3 Qe7 10. Nd5 Nxd5 11. exd5 Nd4
12. Bxd7+ Qxd7 13. Nxd4 Bxd4 14. a4 a6 15. Be3 Bxe3 16. fxe3
O-O-O 17. Rf2 Rhf8 18. Raf1 Qe7 19. Qg4+ Kb8 20. Qe6 Qxe6
21. dxe6 Rxf2 22. Rxf2 Re8 23. Rf7 Rxe6 24. Rxg7 Rh6 25. g4 d5
26. Kg2 d4 27. exd4 exd4 28. g5 Rh5 29. Kg3 h6 30. g6 Rg5+
31. Kf4 Rg2 32. Rg8+ Ka7 33. g7 c5 34. Ke5 Kb6 35. Kf6 Rf2+
36. Kg6 Rxh2 37. Kh7 Rxc2 38. Rd8 Rg2 39. Rd6+ Ka5 40. Rg6
Rxg6 41. Kxg6 Kxa4 42. g8=Q b5 43. Qa2+ Kb4 44. Kf5 1-0

[Event "Chess Olympiad (Women)"]
[Site "Istanbul TUR"]
[Date "2012.09.06"]
[EventDate "2012.08.28"]
[Round "9.25"]
[Result "1-0"]
[White "Vanessa Feliciano Ebert"]
[Black "Inna Agrest"]
[WhiteElo "2231"]
[BlackElo "2214"]
[PlyCount "111"]

1. d4 Nf6 2. c4 d6 3. Nc3 Nbd7 4. e4 e5 5. f3 Be7 6. Be3 O-O
7. Bd3 exd4 8. Bxd4 c5 9. Be3 Ne5 10. Nge2 Nfd7 11. b3 Bh4+
12. Ng3 b5 13. cxb5 c4 14. Bxc4 Nxc4 15. bxc4 Ne5 16. O-O Nxc4
17. Bd4 a6 18. a4 axb5 19. Nxb5 Be6 20. Nh5 f6 21. Nf4 Bf7
22. Qe2 Re8 23. Qd3 f5 24. Nd5 Ne5 25. Qa3 Nc4 26. Qb4 Bxd5
27. exd5 Ne3 28. Bxe3 Rxe3 29. Qxd6 Qxd6 30. Nxd6 g6 31. a5
Ra6 32. Nc4 Rd3 33. Rfd1 Rc3 34. Rac1 Rxc1 35. Rxc1 Kf8
36. Rb1 Ra7 37. Rb6 Rc7 38. Rc6 Rb7 39. Nb6 Bg5 40. Kf2 Bd8
41. d6 Kf7 42. Nc4 Ke6 43. Rc5 Bf6 44. Ke3 Bd8 45. Kd3 Rb3+
46. Kc2 Rb7 47. Rc8 Bf6 48. Rc7 Rb4 49. a6 Bd4 50. Kd3 Bf6
51. a7 Ra4 52. Nb6 Ra3+ 53. Kc4 Kxd6 54. a8=Q Rc3+ 55. Kb5
Rxc7 56. Qb8 1-0

[Event "Chess Olympiad (Women)"]
[Site "Istanbul TUR"]
[Date "2012.09.07"]
[EventDate "2012.08.28"]
[Round "10.31"]
[Result "1/2-1/2"]
[White "Inna Agrest"]
[Black "Elena Boric"]
[WhiteElo "2214"]
[BlackElo "2319"]
[PlyCount "84"]

1. e4 e6 2. d4 d5 3. Nc3 dxe4 4. Nxe4 Nd7 5. Nf3 Ngf6 6. Bg5
Be7 7. Nxf6+ Nxf6 8. Bd3 O-O 9. Qe2 Rb8 10. O-O-O Nd5 11. h4
Nb4 12. Bxh7+ Kxh7 13. Bxe7 Qxe7 14. Ng5+ Kh6 15. Qe3 e5
16. a3 Nc6 17. d5 Na5 18. d6 cxd6 19. Rxd6+ f6 20. Ne6+ Kh7
21. Nxf8+ Qxf8 22. Qd3+ f5 23. h5 Nc6 24. Rg6 Qf7 25. Qd6 Bd7
26. Rh3 f4 27. g4 Rd8 28. Qd3 e4 29. Qxe4 Re8 30. Re6+ Kg8
31. Rxe8+ Qxe8 32. Qxe8+ Bxe8 33. Rf3 Nd4 34. Rd3 Ne6 35. c4
Kf7 36. b4 Bc6 37. b5 Be4 38. Rc3 b6 39. f3 Bb7 40. Rd3 Nc5
41. Rc3 Kf6 42. Kd2 Ke5 1/2-1/2

[Event "Chess Olympiad (Women)"]
[Site "Istanbul TUR"]
[Date "2012.09.09"]
[EventDate "2012.08.28"]
[Round "11.61"]
[Result "1/2-1/2"]
[White "Inna Agrest"]
[Black "Galina Melnik"]
[WhiteElo "2214"]
[BlackElo "1999"]
[PlyCount "70"]

1. e4 c6 2. d4 d5 3. Nc3 dxe4 4. Nxe4 Bf5 5. Ng3 Bg6 6. Nf3
Nd7 7. h4 h6 8. h5 Bh7 9. Bd3 Bxd3 10. Qxd3 Qc7 11. Bd2 e6
12. O-O-O O-O-O 13. Ne4 Ngf6 14. g3 Nc5 15. Nxc5 Bxc5 16. Bf4
Bd6 17. Bxd6 Qxd6 18. Ne5 Qc7 19. f4 Kb8 20. Qb3 Rhe8 21. Rd3
Ne4 22. Re1 f5 23. Qa4 Ka8 24. Ra3 a6 25. Ree3 Qd6 26. Qc4 Re7
27. Reb3 c5 28. Qf1 cxd4 29. Nc4 Qc5 30. Nb6+ Ka7 31. Na4 Qa5
32. Nc3 Qc5 33. Na4 Qa5 34. Nc3 Qc5 35. Na4 Qa5 1/2-1/2

[Event "Politiken Cup"]
[Site "Helsingor DEN"]
[Date "2014.07.21"]
[EventDate "2014.07.21"]
[Round "1.71"]
[Result "0-1"]
[White "Jussi Dyrnes"]
[Black "Inna Agrest"]
[WhiteElo "1834"]
[BlackElo "2223"]
[PlyCount "80"]

1. e4 e5 2. Nf3 Nc6 3. Bc4 Nf6 4. d3 Bc5 5. O-O d6 6. Be3 Bg4
7. c3 O-O 8. Nbd2 Bb6 9. b4 d5 10. exd5 Nxd5 11. Bxb6 axb6
12. Qc2 Nf4 13. Rfe1 Qf6 14. b5 Bxf3 15. Nxf3 Ne7 16. Rxe5
Neg6 17. Re3 Qf5 18. Ne1 Ne5 19. Rg3 Nxc4 20. dxc4 Qxc2
21. Nxc2 Ne2+ 22. Kf1 Nxg3+ 23. hxg3 Ra4 24. Nb4 Rd8 25. Ke2
f6 26. Rh1 c5 27. bxc6 bxc6 28. Nxc6 Rxa2+ 29. Kf3 Rd3+
30. Ke4 Rxc3 31. Kd4 Rac2 32. Nd8 Rxc4+ 33. Kd3 R4c3+ 34. Kd4
Rc8 35. Ne6 Rxf2 36. Nf4 Rd2+ 37. Ke3 Rd6 38. Rb1 g5 39. Nh5
f5 40. Rb5 Rc5 0-1

[Event "Politiken Cup"]
[Site "Helsingor DEN"]
[Date "2014.07.22"]
[EventDate "2014.07.21"]
[Round "3.20"]
[Result "1-0"]
[White "Rasmus Svane"]
[Black "Inna Agrest"]
[WhiteElo "2494"]
[BlackElo "2223"]
[PlyCount "81"]

1. d4 Nf6 2. c4 g6 3. Nc3 Bg7 4. e4 d6 5. Nf3 O-O 6. Be2 Nbd7
7. O-O e5 8. Be3 Re8 9. Qc2 exd4 10. Nxd4 Nc5 11. f3 a5
12. Rad1 Qe7 13. Ndb5 Na6 14. Bg5 Qe5 15. Qd2 Bd7 16. Kh1 Bc6
17. Rfe1 Rad8 18. Nd5 Bxd5 19. cxd5 a4 20. Bd3 Qe7 21. f4 h6
22. Bh4 g5 23. fxg5 Ng4 24. Qf4 h5 25. e5 Nxe5 26. g6 f6
27. Bf5 Nc5 28. Nd4 Qf8 29. Ne6 Nxe6 30. Bxe6+ Rxe6 31. dxe6
Nxg6 32. Qf5 Nxh4 33. Qxh5 Qe7 34. Qxh4 b5 35. Rd3 d5 36. Qh5
c6 37. Rg3 d4 38. Re4 Rd5 39. Qg6 Re5 40. Rxe5 fxe5 41. Rf3
1-0

[Event "Politiken Cup"]
[Site "Helsingor DEN"]
[Date "2014.07.22"]
[EventDate "2014.07.21"]
[Round "2.67"]
[Result "1-0"]
[White "Inna Agrest"]
[Black "Andreas Schmied"]
[WhiteElo "2223"]
[BlackElo "2018"]
[PlyCount "53"]

1. e4 e5 2. Nf3 Nc6 3. Bb5 a6 4. Ba4 Nf6 5. O-O Be7 6. Re1 b5
7. Bb3 O-O 8. h3 Bb7 9. c3 d5 10. d4 exd4 11. e5 Ne4 12. cxd4
Na5 13. Bc2 c5 14. Nbd2 Nxd2 15. Qxd2 c4 16. Qf4 Bc8 17. Qg3
Nc6 18. Bh6 g6 19. Bxf8 Qxf8 20. Rad1 a5 21. h4 Qg7 22. Re3 a4
23. a3 b4 24. axb4 Nxb4 25. Bb1 Nc6 26. Ng5 h6 27. Nh3 1-0

[Event "Politiken Cup"]
[Site "Helsingor DEN"]
[Date "2014.07.23"]
[EventDate "2014.07.21"]
[Round "4.53"]
[Result "1-0"]
[White "Inna Agrest"]
[Black "Ib Skovgaard"]
[WhiteElo "2223"]
[BlackElo "2019"]
[PlyCount "81"]

1. e4 Nf6 2. e5 Nd5 3. d4 d6 4. c4 Nb6 5. exd6 cxd6 6. Nc3 g6
7. Be3 Bg7 8. Rc1 O-O 9. b3 d5 10. c5 Nc6 11. cxb6 e5 12. Nge2
exd4 13. Nxd4 Bxd4 14. Bxd4 Qh4 15. Ne2 Re8 16. Ba1 Bf5
17. Rxc6 bxc6 18. b7 Qb4+ 19. Qd2 Qxb7 20. Qd4 Kf8 21. f3 Qb6
22. g4 Be6 23. Kf2 c5 24. Qg7+ Ke7 25. Nf4 Kd7 26. Nxe6 Re7
27. Nf4 c4+ 28. Qd4 cxb3 29. Qxb6 axb6 30. Bb5+ Kd6 31. axb3
Ra2+ 32. Kg3 g5 33. Nh5 Kc5 34. Bd3 Rd2 35. Rc1+ Kd6 36. Bb5
d4 37. Ng7 Re5 38. Nf5+ Kd5 39. Bc4+ Kc6 40. Nxd4+ Kb7
41. Bxf7 1-0

[Event "Politiken Cup"]
[Site "Helsingor DEN"]
[Date "2014.07.24"]
[EventDate "2014.07.21"]
[Round "5.22"]
[Result "1-0"]
[White "Jacob Carstensen"]
[Black "Inna Agrest"]
[WhiteElo "2375"]
[BlackElo "2223"]
[PlyCount "103"]

1. d4 Nf6 2. c4 g6 3. Nc3 Bg7 4. e4 d6 5. Nf3 O-O 6. Be2 Nbd7
7. O-O e5 8. Be3 Re8 9. d5 Nh5 10. g3 Bf8 11. Ne1 Ng7 12. Nd3
Be7 13. Qd2 f5 14. f3 Rf8 15. Rac1 Nf6 16. c5 h5 17. cxd6 cxd6
18. Nf2 h4 19. Nb5 hxg3 20. hxg3 Bd7 21. Nc7 Rc8 22. Ne6 Bxe6
23. dxe6 Rxc1 24. Rxc1 Nfh5 25. g4 Ng3 26. Bc4 b6 27. Qd5 Kh8
28. Kg2 Bh4 29. Nh1 fxg4 30. fxg4 Qf6 31. Qd1 Nxe4 32. Qf1 Qe7
33. Qd3 Ng5 34. Qxg6 Qb7+ 35. Kh2 Nf3+ 36. Kh3 Rf6 37. Bd5 Qb8
38. Qc2 Bg5 39. Qe2 Qf8 40. e7 Rh6+ 41. Kg3 Bf4+ 42. Kxf3 Rh3+
43. Kg2 Rh2+ 44. Kg1 Qxe7 45. Rc8+ Ne8 46. Qf3 Rh4 47. Bxf4
exf4 48. Qc3+ Kh7 49. Nf2 Qd7 50. Be4+ Kg8 51. Bf5 Qe7 52. Bg6
1-0

[Event "Politiken Cup"]
[Site "Helsingor DEN"]
[Date "2014.07.25"]
[EventDate "2014.07.21"]
[Round "6.47"]
[Result "1/2-1/2"]
[White "Inna Agrest"]
[Black "Yacine Boukhris-Ferre"]
[WhiteElo "2223"]
[BlackElo "2073"]
[PlyCount "50"]

1. e4 e6 2. d4 d5 3. Nc3 Bb4 4. Ne2 Nc6 5. a3 Ba5 6. Be3 Nge7
7. f3 O-O 8. Qd2 e5 9. O-O-O Be6 10. dxe5 dxe4 11. Qe1 Qc8
12. fxe4 Nxe5 13. Qg3 N7g6 14. h4 Ng4 15. Bc5 Bb6 16. Bxb6
cxb6 17. h5 N6e5 18. Nd4 Qc5 19. Be2 Nh6 20. b4 Qc8 21. Ncb5
f6 22. Nxe6 Qxe6 23. Nc7 Qa2 24. Nxa8 Rc8 25. Bd3 Rc3 1/2-1/2